=LDR 00000nam 2200000 4500 =001 INLIS000000000057611 =005 20210322075357 =035 ##$$a 0010-0321000042 =007 ta =008 210322###########################0#ind## =020 ##$$a 979-8590-75-9 =082 ##$$a 297.355 1 =084 ##$$a 297.355 1- dud t =245 1#$$a Tuntunan Amal-amal Penolong di Hari Kiamat /$c Drs.H. Dudung Abdullah Harun =250 ##$$a cet 4 =300 ##$$a xvi,268 halaman ; $c 22 cm =650 #4$$a Amal Sholeh =264 ##$$a jakarta :$b Kalam Mulia,$c 2004 =336 ##$$a teks$2 rdacontent =337 ##$$a lain-lain$2 rdamedia =338 ##$$a lain-lain$2 rdacarrier =990 ##$$a 01340134